Venture Capital Gesellschaften aus gesamtwirtschaftlichen Sicht diplomová práca

Salvato in:
Dettagli Bibliografici
Autore principale: Gocal, Jozef
Enti autori: Fakulta medzinárodných vzťahov EU. Katedra medzinárodných ekonomických vzťahov a hospodárskej diplomacie, Martin-Luther-Universität Halle-Wittenberg
Altri autori: Sobek, Otto
Natura: Libro
Lingua:tedesco
Pubblicazione: Bratislava 2009
Tags: Aggiungi Tag
Nessun Tag, puoi essere il primo ad aggiungerne!!

MARC

LEADER 00000nam$a2200000$$$4500
001 0104147
005 20240313095151.3
041 0 |a ger 
044 |a SK 
245 1 0 |a Venture Capital Gesellschaften aus gesamtwirtschaftlichen Sicht  |b diplomová práca  |c Jozef Gocal ; škol. Otto Sobek 
264 1 |a Bratislava  |c 2009 
300 |a 80 s. 
100 1 |a Gocal, Jozef 
700 1 |a Sobek, Otto 
710 2 |a Fakulta medzinárodných vzťahov EU. Katedra medzinárodných ekonomických vzťahov a hospodárskej diplomacie 
710 2 |a Martin-Luther-Universität Halle-Wittenberg